Quizzes
Events
Quiz Creation
Community
Videos
Private Events
Remove Ads
Sign In
Join for FREE
Feedback
Dark Mode
Quiz Categories
Sports
Geography
Music
Movies
Television
Just For Fun
Miscellaneous
History
Literature
Language
Science
Gaming
Entertainment
Religion
Holiday
For Kids
Quiz Lab
Recent
Popular Today
Quiz Kudos Today
Editor Picks
Curator Picks
Quizzes by...
Day
Popularity
Type
Ratings
Length
Year
Community
Subscriptions
Recent Discussions
Orange Saloon
Badges
Playlists
Quests
Create
Leaderboards
Showdown
Live 5
Trivia Bingo
Activity
Puzzle Library
Sporcle Events
Private Events
Virtual Trivia
Globe League
Become a Host
Pub Owners
SporcleCon
Opinionation
Our Games
Videos
Blog
Mobile Apps
Partnerships
Remove Ads and Go Orange
Feedback
Language
Vocabulary
Begins and Ends
Definition
Spanish
French
German
Italian
Chinese
Latin
Translation
Japanese
Language
Vocabulary
Begins and Ends
Definition
Spanish
French
German
Italian
Chinese
Latin
Translation
Japanese
Random Quiz
Search Sporcle
×
Quiz Lab
Quiz Lab
Language
Latin
Type in answers that appear in a list
Type in answers that appear in a list
Classic
Best Score? Go Orange.
Commonest Latin Words Stats
Can you name the name the 100 most frequently used Latin words?
By
leppyfresh
12m
100 Questions
47 Plays
47 Plays
47 Plays
Comments
Comments
Give Quiz Kudos
Give Quiz Kudos
-
- Ratings
hide this ad
More Info
Replay
Link that replays current quiz
Next Quiz
Link to next quiz in quiz playlist
You Got
0%
They Got
Avg Score
28%
Avg Friend Score
Upgrade to see
Score Distribution
Jump to the score distribution portion of the page
Score
0/100
Timer
12:00
0
Plays Today
Rank
Word
% Correct
30.
e, ex
93.6%
14.
a, ab
85.1%
5.
in
66%
3.
et
63.8%
34.
me
63.8%
4.
sum
57.4%
2.
qui, quis
55.3%
10.
ad
55.3%
62.
ego
55.3%
1.
-que
53.2%
18.
de
53.2%
56.
tu
53.2%
11.
ille
51.1%
21.
si
51.1%
31.
se
51.1%
33.
te
51.1%
22.
per
48.9%
6.
is
46.8%
7.
hic
46.8%
50.
ne
44.7%
8.
non
42.6%
9.
cum
42.6%
27.
habeo
42.6%
47.
unus
42.6%
37.
do
40.4%
19.
sed
38.3%
32.
deus
38.3%
35.
res
38.3%
12.
ut
36.2%
16.
dico
36.2%
24.
facio
36.2%
28.
mihi
36.2%
88.
at
36.2%
44.
tibi
34%
Rank
Word
% Correct
87.
bonus
34%
41.
dies
31.9%
86.
sibi
31.9%
90.
inter
31.9%
92.
malus
31.9%
75.
vir
29.8%
25.
video
27.7%
39.
aut
27.7%
48.
magnus
27.7%
51.
homo
27.7%
95.
iste
27.7%
17.
nec
25.5%
23.
possum
25.5%
26.
meus
25.5%
29.
tuus
25.5%
49.
autem
25.5%
89.
nam
25.5%
63.
volo, velle
23.4%
97.
ago
23.4%
40.
alius
21.3%
58.
enim
21.3%
82.
audio
21.3%
96.
quod
21.3%
13.
omnis
19.1%
42.
noster
19.1%
43.
rex
19.1%
45.
venio
19.1%
66.
pater
19.1%
76.
idem
19.1%
15.
suus
17%
20.
ipse
17%
52.
tempus
17%
53.
etiam
17%
59.
fero
17%
Rank
Word
% Correct
61.
tantus
17%
79.
vel
17%
36.
iam
14.9%
38.
atque
14.9%
46.
multus
14.9%
54.
ac
14.9%
64.
sic
14.9%
67.
dominus
14.9%
77.
domus
14.9%
80.
neque
14.9%
84.
nox
14.9%
93.
nomen
14.9%
57.
primus
12.8%
60.
tamen
12.8%
69.
nunc
12.8%
74.
terra
10.6%
85.
vita
10.6%
65.
locus
8.5%
70.
manus
8.5%
72.
vero
8.5%
81.
totus
8.5%
55.
quidam
6.4%
68.
nullus
6.4%
78
quia
6.4%
100.
solus
6.4%
71.
modus
4.3%
73.
animus
4.3%
83.
pars
4.3%
91.
corpus
4.3%
94.
amor
4.3%
99.
mors
4.3%
98.
dum
2.1%
Quiz Playlist
Details
Report
Send in Message
Add To Playlist
More Info:
When dealing with verbs, type first person singular form.
Classic:
Type in answers that appear in a list
Quiz Source
Last Updated: Feb 16, 2017
Quiz Scoreboard
CHALLENGE
Sign Up to Join the Scoreboard
Show All
Scores
Hide
Comments
May contain spoilers
Recently Published
College Basketball Coaching Resumes
by pancakes188
Sports
9m
Billboard Blitz: Fleetwood Mac
by CooCooCachoo
Music
15s
Presidents Visiting Landmarks
by Hejman
History
7m
More to Explore
Quiz From the Vault
Featured Blog Post
Where Did the Easter Bunny Come From?
hide this ad
You Might Also Like...
Tags
Latin Quiz
Nintendo Quiz
100
Frequency
Order
Today's Top Quizzes in Language
Browse Language
hide this ad
Today's Top Quizzes in Latin
Browse Latin
Top Contributed Quizzes in Language
1
1-10 Letter F Words III
2
1-10 Letter G Words III
3
Alphabetize! : 'As' words
4
1-10 Letter H Words III
5
Order Up: Top 10 Most Native Spoken Languages
6
One Thing in Common: Italy
7
1-10 Letter I Words III
8
1-10 Letter J Words III
9
Weisst du, aus welchen Sprachen diese Wörter stammen?
10
Celtic Nations in their Language
Explore More
Trending Topics
Harry Potter
Marvel
Crossword
NBA
Disney
Kpop
Anime
Song
NFL
Country
Puzzle
Pokémon
WWE
The Office
Soccer
hide this ad
More By:
leppyfresh
Quiz
Plays
Rating
Category
Featured
Created
Youngest to Oldest Minefield
2,048,722
3.92
History
Aug 13, 2013
Smallest Countries Minefield
323,087
4.51
Geography
Jun 18, 2011
'O'-Less European Countries
206,403
4.39
Geography
May 3, 2010
US Presidents per Last Letter
176,493
4.46
History
Jan 29, 2011
'A'-Less African Countries
174,991
4.34
Geography
May 3, 2010
Go to Creator's Profile
Score Distribution
Quiz Creator Spotlight
leppyfresh
Follow
Send a Message
Quizzes Created
-
Created Quiz Play Count
-
More By This Creator
Popular Quizzes Today
1
Find the US States - No Outlines Minefield
2
Find the Countries of Europe - No Outlines Minefield
3
The Countries of the World
4
Find the US States
5
Risky Map Clicking: Biggest States A-Z
6
US States
7
Popular People in 1961
8
Movies - When Are They Set?
More Language Quizzes
Pick the Anagram II
Published
Trending Quizzes
Risky Map Clicking: Least Populous States A-Z
1-10 Letter G Words
1-10 Letter F Words
Risky Map Clicking: Next State Alphabetically
Risky Map Clicking: Biggest States A-Z
Recently Updated
Leaping Animals
pecheneg
Reality TV Shows (A-Z)
bhenderson79
Rickey Henderson's Hall of Fame Teammates
pecheneg
Champions League XIs: Arsenal
pecheneg
Quick Pick: Celebrities in WWE's Hall of Fame
aduchscher
A-Z Keypad Blitz II
pecheneg
Multiple Oscar Actors
pecheneg
Mystery Phrase Blitz: Oscar 'Best Actors'
pecheneg
F. Scott Fitzgerald Novels
LTH
Pick 3 Villains
ddd62291
Trending Topics
Anime
Marvel
Kpop
Disney
Harry Potter
NBA
Crossword
Song
Puzzle
The Office
WWE
Country
Pokémon
NFL
Soccer
Your Account Isn't Verified!
In order to create a playlist on Sporcle, you need to verify the email address you used during registration. Go to your
Sporcle Settings
to finish the process.
Report this User
Report this user for behavior that violates our
Community Guidelines
.
Details:
Send Report
Go to the Sporcle.com Mobile Site →
Comments